• 首页
  • 本馆介绍
  • 公告通知
  • 最新文献
  • 馆藏检索
  • 电子资源
  • 读者导购
  • 参考咨询
  • 我的图书馆
  • 登录
  • 详细信息显示
  • 放入我的书架
  • 预约/预借图书
  • 作者相关作品
  • 分类相关作品
  • 丛书相关作品
  • 出版社相关作品

书目信息

  • 表格格式
  • 工作单格式
  • 卡片格式
题名:
饮食文化导论
    
 
作者: 陈苏华 主编
分册:  
出版信息: 上海   复旦大学出版社  2013
页数: 494页
开本: 26cm
丛书名:
单 册:
中图分类: TS971.2(2)
科图分类:
主题词: 饮食--文化--中国 , 饮食
电子资源:
ISBN: 978-7-309-10088-4
000 00868nam0 2200253 450
001 523
005 20140909104007.81
010    @a978-7-309-10088-4@dCNY50.00
100    @a20131031d2013 em y0chiy50 ea
101 0  @achi
102    @aCN@b310000
105    @ay z 000yy
106    @ar
200 1  @a饮食文化导论@AYin Shi Wen Hua Dao Lun@f陈苏华主编@FChen Su Hua Zhu Bian@zeng
210    @a上海@c复旦大学出版社@d2013
215    @a494页@d26cm
300    @a复旦卓越·21世纪烹饪与营养系列
330    @a本书介绍了历史饮食文化的基本类型、中国饮食文化的演进、人类的食物崇拜等内容,全面论述了饮食文化的各个方面,揭示了饮食文化作为一门社会科学的独特地位和重要性。
606 0  @a饮食@x文化@y中国
606 0  @a饮食
690    @aTS971.2(2)@v5
701  0 @a陈苏华@AChen Su Hua@f(1953~)@4主编
801  0 @aCN@bTANGWEI@c20140603
905    @b0842117-19@dTS971.2(2)@e325@f3
    
    饮食文化导论/陈苏华主编.-上海:复旦大学出版社,2013
    494页;26cm
    复旦卓越·21世纪烹饪与营养系列
    
    ISBN 978-7-309-10088-4:CNY50.00
    本书介绍了历史饮食文化的基本类型、中国饮食文化的演进、人类的食物崇拜等内容,全面论述了饮食文化的各个方面,揭示了饮食文化作为一门社会科学的独特地位和重要性。
●
相关链接 在E读中查询图书 在五车中查询图书 在当当中查询图书 在豆瓣中查询图书


正题名:饮食文化导论     索取号:TS971.2(2)/325         预约/预借

序号 登录号 条形码 馆藏地/架位号 状态 备注
1 0842117   208421171   第二样本阅览室/ [索取号:TS971.2(2)/325] 在馆    
2 0842118   208421180   第三借阅区/ [索取号:TS971.2(2)/325] 在馆    
3 0842119   208421199   第三借阅区/ [索取号:TS971.2(2)/325] 在馆    
欢迎您!
大连网信软件有限公司© 版权所有